Composites for construction (Record no. 1358)

000 -LEADER
fixed length control field 00767nam a22002414a 4500
001 - CONTROL NUMBER
control field 1358
003 - CONTROL NUMBER IDENTIFIER
control field BD-DhUET
008 - FIXED-LENGTH DATA ELEMENTS--GENERAL INFORMATION
fixed length control field 0471681261
020 ## - INTERNATIONAL STANDARD BOOK NUMBER
International Standard Book Number 9780471681267
040 ## - CATALOGING SOURCE
Original cataloging agency DLC
Transcribing agency DLC
Modifying agency BD-DhUET
082 00 - DEWEY DECIMAL CLASSIFICATION NUMBER
Classification number 624.189
Item number BAN/2006
100 ## - MAIN ENTRY--PERSONAL NAME
Personal name Bank, Lawrence C.
245 10 - TITLE STATEMENT
Title Composites for construction
Remainder of title structural design with FRP materials
250 ## - EDITION STATEMENT
Edition statement 1st ed.
260 ## - PUBLICATION, DISTRIBUTION, ETC. (IMPRINT)
Place of publication, distribution, etc. New York
Date of publication, distribution, etc. 2006
Name of publisher, distributor, etc. John Wiley & Sons
300 ## - PHYSICAL DESCRIPTION
Extent xvii, 551 p.
504 ## - BIBLIOGRAPHY, ETC. NOTE
Bibliography, etc Includes bibliographies
650 #0 - SUBJECT ADDED ENTRY--TOPICAL TERM
Topical term or geographic name as entry element Fiber reinforced plastics
856 41 - ELECTRONIC LOCATION AND ACCESS
Uniform Resource Identifier http://www.loc.gov/catdir/toc/ecip062/2005030950.html
856 42 - ELECTRONIC LOCATION AND ACCESS
Uniform Resource Identifier http://www.loc.gov/catdir/enhancements/fy0740/2005030950-b.html
856 42 - ELECTRONIC LOCATION AND ACCESS
Uniform Resource Identifier http://www.loc.gov/catdir/enhancements/fy0740/2005030950-d.html
942 ## - ADDED ENTRY ELEMENTS (KOHA)
Koha item type General Book
Holdings
Not for loan Koha date last seen Withdrawn status Koha renewals Koha date last borrowed Koha item type Copy number Koha issues (times borrowed) Lost status Price effective from Damaged status Source of classification or shelving scheme Piece designation (barcode) Koha normalized classification for sorting Sublocation or collection (holding branch) Koha full call number Location (home branch) Date acquired Shelving location
 2024-01-15  2023-12-20General Book11 2014-09-06  103232624_000000000000000_189BAN2006Central Library, BUET624.189/BAN/2006Central Library, BUET2014-09-06Circulation section
 2014-09-06   General Book2  2014-09-06  107977624_000000000000000_189BAN2006Central Library, BUET624.189/BAN/2006Central Library, BUET2014-09-06Circulation section
 2023-07-18 22023-07-18General Book32 2017-05-14  103235624_189000000000000_BAN_2006Central Library, BUET624.189/BAN/2006Central Library, BUET2017-05-14Circulation section
 2018-05-08   General Book4  2018-05-08  107976624_189000000000000_BAN_2006Central Library, BUET624.189/BAN/2006Central Library, BUET1998-05-31Circulation section
 2023-12-23   General Book5  2023-12-23  103233624_189000000000000_BAN_2006Central Library, BUET624.189/BAN/2006Central Library, BUET2023-12-10Circulation section